|
|
|
|
| LEADER |
01263nam a22003137a 4500 |
| 001 |
35304 |
| 003 |
BD-DhAAL |
| 005 |
20190909094700.0 |
| 008 |
190909t2004 enka|||| b||| 001 0 eng d |
| 999 |
|
|
|c 41161
|d 41161
|
| 020 |
|
|
|a 0335208622
|
| 020 |
|
|
|a 9780335208630
|
| 040 |
|
|
|a BD-DhAAL
|
| 082 |
|
|
|a 507.12
|2 2
|
| 245 |
|
|
|a Learning and teaching secondary science with ICT /
|c edited by Roy Barton
|
| 260 |
|
|
|a England :
|b Open University Press,
|c 2004
|
| 300 |
|
|
|a xi, 160 pages :
|b illustrations ;
|c 22 cm.
|
| 490 |
|
|
|a Learning and teaching with ICT.
|
| 500 |
|
|
|a ICT = Information and communications technology.
|
| 504 |
|
|
|a Includes bibliographical references and index.
|
| 526 |
|
|
|a BIED
|
| 541 |
|
|
|a Complimentary copy from BIED
|e 35304
|
| 650 |
|
|
|a Science
|x Study and teaching (Secondary)
|9 34243
|
| 650 |
|
|
|a Information technology
|x Study and teaching (Secondary)
|9 34244
|
| 650 |
|
|
|a Education
|x Data processing
|9 34245
|
| 700 |
|
|
|a Barton, Roy
|9 34246
|
| 852 |
|
|
|a Ayesha Abed Library
|c General Stacks
|
| 942 |
|
|
|2 ddc
|c BK
|
| 952 |
|
|
|0 0
|1 0
|2 ddc
|4 0
|6 507_120000000000000_LEA
|7 0
|9 66193
|a BRACUL
|b BRACUL
|c GEN
|d 2019-09-09
|e Complimentary copy from BIED
|l 0
|o 507.12 LEA
|p 3010035304
|r 2019-09-09
|t 1
|w 2019-09-09
|y BK
|x Transferred from BIED to General Stacks
|